Matematika, jej úloha a miesto vo vzdelávaní ekonómov

Úloha matematiky ako univerzálnej metódy poznania. Analýza postupu matematizácie ekonomickej vedy. Postavenie a úloha matematiky v systéme štúdia ekonómie.

Guardado en:
Detalles Bibliográficos
Autor principal: Peller, František
Formato: Capítulo de libro
Lenguaje:eslovaco
Materias:
Etiquetas: Agregar Etiqueta
Sin Etiquetas, Sea el primero en etiquetar este registro!

MARC

LEADER 00000nla$a2200000$$$4500
001 0119823
005 20240502072334.2
041 0 |a slo 
044 |a SK 
245 1 0 |a Matematika, jej úloha a miesto vo vzdelávaní ekonómov  |c František Peller 
520 |a Úloha matematiky ako univerzálnej metódy poznania. Analýza postupu matematizácie ekonomickej vedy. Postavenie a úloha matematiky v systéme štúdia ekonómie. 
610 2 0 |a matematika 
610 2 0 |a vzdelávanie 
610 2 0 |a ekonómovia 
610 2 0 |a programy študijné 
610 2 0 |a matematika hospodárska 
610 2 0 |a matematika finančná 
610 2 0 |a ekonómia matematická 
610 2 0 |a matematizácia 
610 2 0 |a vedy prírodné 
100 1 |a Peller, František